000 01748cam a2200301 i 4500
003 SA-RiAUC
005 20240925072738.0
008 240924q19801989ua g 000r0 ara c
040 _aAE-AiULD
_bara
_cSA-RiAUC
_erda
082 0 4 _a237.3
090 _a237.3
_bا ب ن ع
100 1 _aابن علان، محمد علي بن محمد علان بن إبراهيم،
_d996-1057 هجري
_eمؤلف.
245 1 0 _aكتاب الفتوحات الربانية على الأذكار النووية /
_cتأليف محمد بن علان الصديقي الشافعي الأشعري المكي.
246 3 0 _aالفتوحات الربانية على الأذكار النووية
264 1 _aالقاهرة :
_bجمعية النشر و التأليف الأزهرية،
_c1929
300 _aمجلد ؛
_c24 سم
336 _aنص
_btxt
_2rdacontent
_3كتاب
337 _aبدون وسيط
_bn
_2rdamedia
338 _aمجلد
_bnc
_2rdacarrier
500 _aبأعلى كل صفحة ما يخصها من كتاب حلية الأبرار وشعار الأخيار في تلخيص الدعوات والأذكار المستحبة في الليل والنهار، المعروف، بالأذكار النووية.
650 7 _aالأدعية والأوراد
_2aucsh
650 7 _aالحديث
_xجوامع الفنون
_2aucsh
700 1 2 _aالنووي، يحيى بن شرف بن مري،
_d631-676 هجري
740 0 2 _aحلية الأبرار وشعار الأخيار في تلخيص الدعوات والأذكار المستحبة في الليل والنهار، المعروف، بالأذكار النووية.
740 2 2 _aالأذكار النووية.
942 _2ddc
_cRARE BOOK
_n0
949 _aSA-JeALM
_d240924
_umohamedma123
_n1
999 _c547
_d547